Cẩm nang pháp luật ngành kiểm lâm - lâm nghiệp Việt Nam

Sách cung cấp kịp thời và tuyên truyền phổ biến những chính sách và quy định pháp luật mới nhất trong công tác nghiệp vụ của ngành kiểm lâm.

Guardat en:
Dades bibliogràfiques
Format: Llibre
Idioma:Undetermined
Publicat: Hà Nội Nông nghiệp 2009
Matèries:
Etiquetes: Afegir etiqueta
Sense etiquetes, Sigues el primer a etiquetar aquest registre!
Thư viện lưu trữ: Trung tâm Học liệu Trường Đại học Cần Thơ
LEADER 00831nam a2200193Ia 4500
001 CTU_192375
008 210402s9999 xx 000 0 und d
020 |c 298000 
082 |a 634.9 
082 |b C120 
245 0 |a Cẩm nang pháp luật ngành kiểm lâm - lâm nghiệp Việt Nam 
245 0 |c Quí Long, Kim Thư (Sưu tầm và hệ thống hóa) 
260 |a Hà Nội 
260 |b Nông nghiệp 
260 |c 2009 
520 |a Sách cung cấp kịp thời và tuyên truyền phổ biến những chính sách và quy định pháp luật mới nhất trong công tác nghiệp vụ của ngành kiểm lâm. 
650 |a Forest conservation,Bảo tồn rừng 
904 |i Trúc 
980 |a Trung tâm Học liệu Trường Đại học Cần Thơ